Colors NOT of the Rainbow - Statistics

General Stats
  • This quiz has been taken 96 times
  • The average score is 11 of 13
Answers on the Grid
Answers color-coded by a green-red scale on the quiz's grid according to % correct below.
Indigo
Brown
Purple
Violet
Green
Turquoise
Cobalt
Carmine
Ginger
Yellow
Cream
Orange
Red
Jade
White
Navy
Blue
Burgundy
Maroon
Pink
 
Answer Stats
Answer % Correct
Brown
97%
Turquoise
94%
Cobalt
90%
Cream
90%
Burgundy
87%
Carmine
87%
Ginger
87%
Jade
87%
Maroon
87%
Navy
87%
White
87%
Pink
81%
Purple
61%
No matching quizzes found
Score Distribution
Percent of People with Each Score
Percentile by Number Answered
Your Score History
You have not taken this quiz